Memoria del primer taller de dibujo /
Na minha lista:
| Autor principal: | |
|---|---|
| Autor Corporativo: | |
| Formato: | Procedimiento de la Conferencia Livro |
| Idioma: | Spanish |
| Publicado em: |
San José, CR
Asociación de Comunidades Campesinas, ACCAM Centro de Estudios y Publicaciones ALFORJA
1991
|
| Assuntos: | |
| Tags: |
Adicionar Tag
Sem tags, seja o primeiro a adicionar uma tag!
|
MARC
| LEADER | 00000nam a22000007a 4500 | ||
|---|---|---|---|
| 003 | cru CIDCACS/IIS | ||
| 005 | 20180723164228.0 | ||
| 008 | 180302b1991 CR a||||||||||||| 0|spa|d | ||
| 999 | |c 41097 |d 41097 | ||
| 040 | |c cru CIDCACS/IIS | ||
| 090 | |a 05.05.02 G129m | ||
| 100 | 1 | |9 6724 |a Gaete, Marcelo | |
| 111 | 1 | |9 6726 |a Taller de dibujo |c Changuena |d 10-11 abril |1991 | |
| 245 | 1 | 0 | |a Memoria del primer taller de dibujo / |h texto y diseño Marcelo Gaete |
| 260 | |a San José, CR |b Asociación de Comunidades Campesinas, ACCAM |b Centro de Estudios y Publicaciones ALFORJA |c 1991 | ||
| 300 | |a 11 páginas | ||
| 500 | |a Colección Alforja | ||
| 650 | 1 | 0 | |9 2519 |a COMUNIDADES |
| 650 | 1 | 0 | |9 1792 |a TALLERES |
| 650 | 1 | 0 | |9 6727 |a DIBUJO |
| 942 | |2 ddc |c LI | ||
